European Countries with Active Volcanoes - Statistics

General Stats
  • This quiz has been taken 79 times
  • The average score is 7 of 8
Answer Stats
Country % Correct
Italy
99%
Spain
93%
Iceland
92%
France
86%
Greece
86%
Norway
81%
Portugal
74%
Germany
44%
No matching quizzes found
Score Distribution
Percent of People with Each Score
Percentile by Number Answered
Your Score History
You have not taken this quiz